000 00992na a2200325 4500
001 20951
003 MIRAKIL
005 20181213155228.0
008 170130b tu 000 0
035 _a20951
040 _aMilas
_btur
_cTR-AnCHP
041 _atur
082 _aCHP 324.2182
_bC36a 2010
090 _aBROŞÜR 242
110 _aCumhuriyet Halk Partisi (CHP)
245 _aAKP'nin açılım fiyaskosu
_bsorular-yanıtlar
_cCHP
246 _aAçılım fiyaskosu
260 _aAnkara
_bCHP
_c2010
300 _a100 s.
_brnk. res.
_c21 sm.
440 _aCumhuriyet Halk Partisi yayınları
_pRaporlar
610 _aAKP
_xSiyaset ve yönetim
_y2002-
610 _aAKP
_xAçılım politikaları
610 _aCHP
_xİktidar eleştirisi
_yDemokratik açılım
650 _aKürt sorunu
_zTürkiye
651 _aTürkiye
_xSiyaset ve yönetim
_y2002-
657 _aCHP demokratik açılım raporu
830 _aCHP raporları
942 _2dcc
_cBKS
999 _c8931
_d8931